000 00790nam1a22002171i 4500
001 rc\483634
005 20240726041140.0
035 _a(NLR Aleph) 005809192
090 _a5371032
_c5371032
100 _a20030616d1988 u |0rusy50 ca
101 0 _arus
102 _aRU
105 _ay |||||||||
200 1 _aОтрывные и струйные течения
_eОтеч. и иностр. лит. ...
210 _aНовосибирск
_cБ. и.
_d1988
215 _d20
225 1 _aБиблиографический указатель
_fГПНТБ Сиб. отд-ния АН СССР. Отд. внеш. обслуж., Ин-т теорет. и прикл. механики. ОНТИ
801 0 _aRU
_bNLR
_gpsbo
801 1 _aRU
_bELAR
_2rusmarc
852 _aNLR
_bС
_jК-2/4369
942 _cBOOK